000 00291nam a22001337a 4500
008 171018b xxu||||| |||| 00| 0 eng d
020 _a9780131201156
041 _aeng
080 _a338
100 _a53
101 _aMEN
245 _aSTRATEGIC MANAGEMENT
_cKELLER..K.L
942 _2udc
_cBK
999 _c34689
_d34689